000 00268nam a2200097Ia 4500
001 643400
005 20250826153545.0
008 250824s9999 xx 000 0 und d
245 0 _aAHİ EVRAN EFSANESİ EJDERHANIN DÖNÜŞÜ
_cZÜBEYİR TOKGÖZ
260 _bGENÇ TİMAŞ
999 _c643400
_d643400